000 00690nam a22002417a 4500
003 UA-OsUOA
001 127444
007 ta
008 20171130b un ||||| |||| 00| 0 ukr d
100 _aГранич Н. В.
090 _a821.161.2
_bГ77
942 _cBK
040 _aUA-OsUOA
_bukr
_cUA-OsUOA
_dUA-OsUOA
245 _aП'ятнадцятий камінь саду Райондзі
_bкнига віршів
300 _a120 с.
955 _a3
041 _aukr
080 _a821.161.2
020 _a978-966-8770-50-0
260 _aЛуцьк
_bТвердиня
_c2007
650 7 _a82 Література. Літературознавство
_2UDC
999 _c414588
_d414588